<?xml version="1.0" encoding="UTF-8"?><?xml-stylesheet type="text/xsl" href="static/style.xsl"?><OAI-PMH xmlns="http://www.openarchives.org/OAI/2.0/" xmlns:xsi="http://www.w3.org/2001/XMLSchema-instance" xsi:schemaLocation="http://www.openarchives.org/OAI/2.0/ http://www.openarchives.org/OAI/2.0/OAI-PMH.xsd"><responseDate>2026-04-17T00:46:25Z</responseDate><request verb="GetRecord" identifier="oai:www.recercat.cat:2117/422154" metadataPrefix="marc">https://recercat.cat/oai/request</request><GetRecord><record><header><identifier>oai:recercat.cat:2117/422154</identifier><datestamp>2025-07-22T21:18:03Z</datestamp><setSpec>com_2072_1033</setSpec><setSpec>col_2072_452951</setSpec></header><metadata><record xmlns="http://www.loc.gov/MARC21/slim" xmlns:dcterms="http://purl.org/dc/terms/" xmlns:xsi="http://www.w3.org/2001/XMLSchema-instance" xmlns:doc="http://www.lyncode.com/xoai" xsi:schemaLocation="http://www.loc.gov/MARC21/slim http://www.loc.gov/standards/marcxml/schema/MARC21slim.xsd">
   <leader>00925njm 22002777a 4500</leader>
   <datafield ind2=" " ind1=" " tag="042">
      <subfield code="a">dc</subfield>
   </datafield>
   <datafield ind2=" " ind1=" " tag="720">
      <subfield code="a">Bellafont Sancho, Adolf</subfield>
      <subfield code="e">author</subfield>
   </datafield>
   <datafield ind2=" " ind1=" " tag="260">
      <subfield code="c">2024-10-16</subfield>
   </datafield>
   <datafield ind2=" " ind1=" " tag="520">
      <subfield code="a">Aquest Treball de Final de Grau d'Arquitectura Tècnica, en la modalitat B (Pràcticum), té com a objectiu exposar els diferents projectes, exercicis i experiències que he viscut durant les meves pràctiques a l'empresa de rehabilitacions AT Pro. Aquesta empresa es dedica principalment a la realització de projectes de rehabilitació, que entre d’altres inclouen la rehabilitació de façanes, cobertes, xarxa de sanejament, petites reformes, i d’altres tasques com l’elaboració de certificats energètics i de ITE. El treball comença descrivint el context de l'empresa, la seva ubicació, i la seva metodologia de treball, així com l'organització dels projectes. També hi descriu les tasques diàries que realitzo al despatx. A continuació, el contingut se centra en l'explicació dels projectes en els quals vaig participar, destacant aquells que considero més rellevants. Durant aquest període, vaig donar suport a l’execució de projectes, fent principalment treballs de delineació, redacció de memòries tècniques i elaboració de la documentació. A través d'aquests projectes, he pogut observar la meva evolució, des de tasques més senzilles fins a projectes més complexos. Aquesta evolució també va incloure la gestió directa amb els clients i la resolució de qualsevol problema que sorgís. Cada projecte inclou una petita explicació de les dificultats que poden aparèixer i les diferents solucions adoptades, la qual cosa m'ha permès aprendre sobre les fases que componen una obra en l’àmbit de rehabilitació i identificar els punts clau per garantir-ne el bon desenvolupament. Finalment, exposo unes conclusions basades en les experiències adquirides durant els mesos de pràctiques, així com els annexos necessaris per complementar la informació i facilitar-ne la comprensió.</subfield>
   </datafield>
   <datafield tag="653" ind2=" " ind1=" ">
      <subfield code="a">Àrees temàtiques de la UPC::Edificació::Rehabilitació d'edificis</subfield>
   </datafield>
   <datafield tag="653" ind2=" " ind1=" ">
      <subfield code="a">Architectural practice</subfield>
   </datafield>
   <datafield tag="653" ind2=" " ind1=" ">
      <subfield code="a">Facades</subfield>
   </datafield>
   <datafield tag="653" ind2=" " ind1=" ">
      <subfield code="a">Buildings - Repair and reconstruction</subfield>
   </datafield>
   <datafield tag="653" ind2=" " ind1=" ">
      <subfield code="a">Arquitectura--Pràctica professional</subfield>
   </datafield>
   <datafield tag="653" ind2=" " ind1=" ">
      <subfield code="a">Façanes--Remodelació--Catalunya--Barcelona</subfield>
   </datafield>
   <datafield tag="653" ind2=" " ind1=" ">
      <subfield code="a">Edificis--Remodelació</subfield>
   </datafield>
   <datafield ind2="0" ind1="0" tag="245">
      <subfield code="a">Projectes de rehabilitació d'edificis</subfield>
   </datafield>
</record></metadata></record></GetRecord></OAI-PMH>